Statistics for Juneau International Airport Destinations (Juneau, AK, USA)

Click here to take the quiz!

General Stats

  • This quiz has been taken 10 times
  • The average score is 5 of 20

Answer Stats

AirlineDestination% Correct
Alaska AirlinesAnchorage
100%
Alaska Airlines/Delta Air LinesSeattle/Tacoma
100%
Alaska AirlinesKetchikan
63%
Alaska Airlines/Alaska Seaplanes/Harris AirSitka
50%
Alaska SeaplanesSkagway
38%
Alaska SeaplanesHaines
25%
Alaska Airlines/Alaska SeaplanesPetersburg
25%
Alaska SeaplanesWhitehorse
25%
Alaska SeaplanesAngoon
13%
Alaska SeaplanesElfin Cove
13%
Alaska Seaplanes/Ward AirExcursion Inlet
13%
Alaska Airlines/Alaska Seaplanes/Harris AirGustavus
13%
Alaska SeaplanesHoonah
13%
Alaska SeaplanesKake
13%
Alaska SeaplanesPelican
13%
Alaska SeaplanesTenakee Springs
13%
Alaska AirlinesYakutat
13%
Ward AirChatham
0%
Ward AirFunter Bay
0%
Alaska SeaplanesKlawock
0%

Score Distribution

Percentile by Number Answered

Percent of People with Each Score

Your Score History

You have not taken this quiz